Οι περιοχές των σφαλμάτων σας
Saved in:
| Main Author: | |
|---|---|
| Other Authors: | |
| Format: | Book |
| Language: | Greek English |
| Published: |
Αθήνα :
Γλάρος,
c1981.
|
| Series: | Κοινωνική ψυχολογία - Προσωπικότητα
2 |
| Subjects: | |
| Tags: |
Add Tag
No Tags, Be the first to tag this record!
|
MARC
| LEADER | 00000cam a2200000 i 4500 | ||
|---|---|---|---|
| 001 | 1/80089 | ||
| 008 | 970225s1981 gr | ||| |||| ||gre|| | ||
| 020 | |a 9602750596 | ||
| 035 | |a 1994 |b 2 |c Δωρεά |l 10033355 | ||
| 040 | |a GR-MyUa |b gre |e AACR2 | ||
| 041 | 1 | |a gre |h eng | |
| 082 | 7 | |a 158.1 |2 (23) | |
| 100 | 1 | |a Dyer, Wayne W. | |
| 245 | 1 | 3 | |a Οι περιοχές των σφαλμάτων σας / |c Γουαίην Ντύερ ; μετάφραση Δημήτρης Κωστελένος. |
| 260 | |a Αθήνα : |b Γλάρος, |c c1981. | ||
| 300 | |a 285 σ. ; |c 21 εκ. | ||
| 490 | 1 | |a (Κοινωνική ψυχολογία - προσωπικότητα ; |v 2) | |
| 500 | |a Τίτλος πρωτοτύπου: Your erroneous zones. | ||
| 650 | 0 | 0 | |a Self-actualization (Psychology) |
| 650 | 0 | 0 | |a Fear. |
| 650 | 0 | 0 | |a Guilt |x Psychological aspects. |
| 700 | 1 | |a Κωστελένος, Δημήτρης Π., |d 1932-2004, |e trl | |
| 830 | 0 | |a Κοινωνική ψυχολογία - Προσωπικότητα |v 2 | |
| 852 | |a INST |b RHODES |e 19970225 |h 158.1 DYE |p 005400007854 |q 005400007854 |t BK |y 0 | ||
| 852 | |a INST |b SAMOS |e 20140114 |h 158.1 DYE |p 005300036276 |q 005300036276 |t BK |y 0 | ||
| 852 | |a INST |b SYROS |e 20221216 |h 158.1 DYE |p 005500015520 |q 005500015520 |t BK |y 0 | ||
| 901 | |a BIBL3-2014-1 | ||
| 970 | |a ΧΟΡΟΖΙΔΟΥ |b ΤΖΕΝΗ |z 1999/11/25 | ||